| 000 | 00826nas a2200277 4500 | ||
|---|---|---|---|
| 001 | BR2012000805 | ||
| 003 | BR-BrBNA | ||
| 005 | 20231205120121.0 | ||
| 007 | ta | ||
| 008 | 230509b bl.|||p| |||| 00| 00por d | ||
| 040 |
_aBR-BrBNA _bpor _cBiblioteca Nacional de Agricultura |
||
| 041 | _a(Pt) | ||
| 072 | _aF63 | ||
| 100 | 1 | _aMorgado, L.N. | |
| 100 | 1 | _aAndrade, R.C. | |
| 100 | 1 | _aLorenzoni, M.C.A. | |
| 100 | 1 | _aEsteves, V.G. | |
| 245 | 1 | _aPadrão polínico utilizado por Tetragonisca angustula Latreille (Apidae: Meliponina) | |
| 650 | _aABELHA | ||
| 650 | _aPOLÉN | ||
| 650 | _aPOLINIZAÇÃO | ||
| 650 | _aINTERAÇÃO | ||
| 773 | 0 |
_tActa Botanica Brasilica (Brazil) _xISSN 0102-3306 _g(Oct-Dec 2011), v. 25(4) p. 932-934 _wBR2012000805 |
|
| 909 |
_a202311 _bLúcia _c55 _dLúcia Elande |
||
| 942 |
_2AGRIS _n0 _cANA |
||
| 999 |
_c217111 _d217111 |
||